Powerful: (Record no. 9609)
[ view plain ]
| 000 -LEADER | |
|---|---|
| fixed length control field | 01427nam a22002417a 4500 |
| 001 - CONTROL NUMBER | |
| control field | 9609 |
| 003 - CONTROL NUMBER IDENTIFIER | |
| control field | FISKH |
| 005 - DATE AND TIME OF LATEST TRANSACTION | |
| control field | 20260126100906.0 |
| 008 - FIXED-LENGTH DATA ELEMENTS--GENERAL INFORMATION | |
| fixed length control field | 260126b cb ||||| |||| 00| 0 eng d |
| 020 ## - INTERNATIONAL STANDARD BOOK NUMBER | |
| International Standard Book Number | 9781398535732 |
| 040 ## - CATALOGING SOURCE | |
| Original cataloging agency | FISKH |
| Language of cataloging | eng |
| Transcribing agency | FISKH |
| Modifying agency | FISKH |
| 050 ## - LIBRARY OF CONGRESS CALL NUMBER | |
| Classification number | PZ7.1 .R5936 .P |
| 082 ## - DEWEY DECIMAL CLASSIFICATION NUMBER | |
| Classification number | 813.00 |
| 100 ## - MAIN ENTRY--PERSONAL NAME | |
| Personal name | Roberts, Lauren |
| 245 ## - TITLE STATEMENT | |
| Title | Powerful: |
| Remainder of title | A powerless story / |
| Statement of responsibility, etc. | Lauren Roberts |
| 260 ## - PUBLICATION, DISTRIBUTION, ETC. | |
| Place of publication, distribution, etc. | London : |
| Name of publisher, distributor, etc. | Simon & Schuster, |
| Date of publication, distribution, etc. | 2024. |
| 300 ## - PHYSICAL DESCRIPTION | |
| Extent | 244, 40 pages : |
| Other physical details | illustrations ; |
| Dimensions | 20 cm |
| 490 ## - SERIES STATEMENT | |
| Series statement | A Powerless Story : |
| Volume/sequential designation | Book 1. |
| 520 ## - SUMMARY, ETC. | |
| Summary, etc. | Adena and Paedyn have always been inseparable. Fate brought them together when they were young, but friendship ensured they would always protect each other and the home they built in the slums of Loot. But now Paedynan Ordinaryhas been selected for the Purging Trials, which means almost certain death.<br/><br/>Now alone in Loot, Adena must fend for herself. After attempting to steal, she's rescued by a mysterious man from the market. Mak's shadowy past and secretive power set him apart from the other low-level Elites of Loot. And as the pair team up to see their loved ones before the Trials, the quest tests their loyalty, their love, and their lives.<br/><br/>This novella also includes a special extended teaser to Recklessthe exciting sequel to Powerless!. |
| 650 ## - SUBJECT ADDED ENTRY--TOPICAL TERM | |
| Topical term or geographic name entry element | Romantasy |
| Form subdivision | Sprayed Edges |
| General subdivision | Fantasy |
| 942 ## - ADDED ENTRY ELEMENTS (KOHA) | |
| Source of classification or shelving scheme | Dewey Decimal Classification |
| Koha item type | Books |
| Suppress in OPAC | No |
| Withdrawn status | Lost status | Source of classification or shelving scheme | Damaged status | Not for loan | Collection | Home library | Current library | Shelving location | Date acquired | Total Checkouts | Full call number | Barcode | Date last seen | Copy number | Price effective from | Koha item type |
|---|---|---|---|---|---|---|---|---|---|---|---|---|---|---|---|---|
| Dewey Decimal Classification | Fiction | Footprints International School Library Network Toul Kork Campus | Footprints International School Library Network Toul Kork Campus | A TK Campus, 4th Floor, Room B401, Fiction Bookcases (1-6) | 01/26/2026 | ROB 813.00 PZ7.1 .R5936 .P | 2026-0125 | 01/26/2026 | 1 | 01/26/2026 | Books |
